| 000 | 00519nam a22001937a 4500 | ||
|---|---|---|---|
| 003 | KOHA_MİRAKIL | ||
| 005 | 20251221142102.0 | ||
| 008 | 251221b tu ||||| |||| 00| 0 tur d | ||
| 020 | _a9786258352108 | ||
| 040 |
_aTR-AnABB _btur _cTR-AnABB |
||
| 041 | _atur | ||
| 082 |
_a641.59561015 _bAHM 2022 |
||
| 100 | 1 | _aAhmed Şevket, | |
| 245 | 1 | 0 |
_aAşçı mektebi / _cAhmed Şevket |
| 260 |
_aAnkara : _bAnkara Basım _c2022 |
||
| 300 |
_a752 sayfa ; _c24 cm |
||
| 650 | 0 | 4 | _aYemek tarifleri |
| 942 |
_2ddc _cBK |
||
| 999 |
_c9845 _d9845 |
||
| 900 | _bGizem YORULMAZ | ||